000 00254nam a22000857a 4500
008 160714b xxu||||| |||| 00| 0 eng d
100 _92829
_aMike Hill Publication
245 _aMike Mick Mike Geethmala 3(Hindi Poem)
260 _aNew Delhi
_bMike Hill Publication
999 _c2423
_d2423